=LDR 00000nam 2200000 4500 =001 INLIS000000000048114 =005 20160513113748.0 =006 =007 =008 =035 ##$$0010-051600000000019 =082 ##$$a 786.6 =084 ##$$a 786.6 $b Pur m.2 =100 ##$$a Pandan P. Purwancandra. S.Kom =245 ##$$a memulai bisnis organ tunggal =260 ##$$a Yuria rendra =300 ##$$a v, 57 hlm .; $b ilus .: $c 23 cm =990 ##$$a 0001/BPAP-NTB/2016